000 00234nam a2200097Ia 4500
005 20251222114339.0
008 251222s1900||||xx |||||||||||||| ||spa||
082 _aDVD191.3/U61/2005
245 0 _aApoyo al desarrollo económico
942 _cDVD
999 _c796
_d796